الفلسفة الحديثة في الميزان : (Record no. 7510)
[ view plain ]
| 000 -LEADER | |
|---|---|
| fixed length control field | 00883nac a22001811u 4500 |
| 008 - FIXED-LENGTH DATA ELEMENTS--GENERAL INFORMATION | |
| fixed length control field | 100719s1910 ua||||||r||| 000 0 ra d |
| 082 ## - DEWEY DECIMAL CLASSIFICATION NUMBER | |
| Classification number | 190 |
| Item number | ب د ر |
| Edition number | 22 |
| 100 ## - MAIN ENTRY--PERSONAL NAME | |
| Personal name | بدران، محمد بن فتح الله |
| 9 (RLIN) | 16401 |
| 245 ## - TITLE STATEMENT | |
| Title | الفلسفة الحديثة في الميزان : |
| Remainder of title | وتاسيس القواعد من القرآن / |
| Statement of responsibility, etc | محمد بن فتح الله بدران |
| 260 ## - PUBLICATION, DISTRIBUTION, ETC. (IMPRINT) | |
| Place of publication, distribution, etc | القاهرة : |
| Name of publisher, distributor, etc | مكتبة القاهرة الحديثة ؛ 1968 |
| Date of publication, distribution, etc | 1968. |
| 300 ## - PHYSICAL DESCRIPTION | |
| Extent | 461؛ص |
| Dimensions | 24 سم |
| 511 ## - PARTICIPANT OR PERFORMER NOTE | |
| Participant or performer note | Catalogued by: Sara |
| 541 ## - IMMEDIATE SOURCE OF ACQUISITION NOTE | |
| Source of acquisition | ؛الف باء |
| 650 ## - SUBJECT ADDED ENTRY--TOPICAL TERM | |
| Topical term or geographic name as entry element | الفلسفة الحديثة |
| 9 (RLIN) | 15182 |
| 650 ## - SUBJECT ADDED ENTRY--TOPICAL TERM | |
| Topical term or geographic name as entry element | القرآن والفلسفة |
| 9 (RLIN) | 16515 |
| 942 ## - ADDED ENTRY ELEMENTS (KOHA) | |
| Item type | Book - Borrowing |
| Call number prefix | 189 ب د ر |
| Source of classification or shelving scheme | Dewey Decimal Classification |
| Withdrawn status | Item status | Source of classification or shelving scheme | Damaged status | Not for loan | Vendor | Home library | Current library | Shelving location | Date acquired | Source of acquisition | Total Checkouts | Full call number | Barcode | Date last seen | Koha item type |
|---|---|---|---|---|---|---|---|---|---|---|---|---|---|---|---|
| Dewey Decimal Classification | Alef-Baa | Central Library | Central Library | Lower Floor | 21/07/2010 | 189 ب د ر | 000009114 | 15/07/2025 | Book - Borrowing |